[Event "Liberec Metalmex op"]
[Site "Liberec"]
[Date "2011.08.21"]
[Round "9"]
[White "Konopka, Lukas"]
[Black "Bradac, Adam"]
[Result "1/2-1/2"]
[WhiteElo "1986"]
[BlackElo "1787"]
[PlyCount "113"]
[EventDate "2011.08.13"]
[EventType "swiss"]
[EventRounds "9"]
[EventCountry "CZE"]
[SourceTitle "CBM 143 Extra"]
[Source "ChessBase"]
[SourceDate "2011.08.29"]
[SourceVersion "1"]
[SourceVersionDate "2011.08.29"]
[SourceQuality "1"]

1. e4 e5 2. Nf3 Nc6 3. Bb5 a6 4. Ba4 Bc5 5. c3 b5 6. Bb3 d6 7. 0-0 Bg4 8. d3 Nge7 9. Bxf7+ Kd7 10. Nbd2 Rf8 11. Bd5 Qe8 12. b4 Bb6 13. h3 Bh5 14. Qb3 Qg6 15. Kh1 Nxd5 16. Qxd5 Bxf3 17. Nxf3 Rxf3 18. gxf3 Qh5 19. Kh2 Rf8 20. f4 Ne7 21. Qb3 exf4 22. d4 Qe2 23. Qd1 Qxe4 24. Qg4+ Kd8 25. a4 h5 26. Qd1 Nd5 27. Bd2 Qd3 28. axb5 Qxb5 29. Qxh5 Kc8 30. Qf3 Qc4 31. Rfe1 Kb7 32. Qe2 Qxe2 33. Rxe2 g5 34. Rg1 Rf5 35. Ra1 Nf6 36. f3 a5 37. bxa5 Bxa5 38. c4 Bxd2 39. Rxd2 Nd7 40. Rda2 Nb6 41. Ra5 Rf8 42. Rb1 Kc6 43. d5+ Kd7 44. Ra7 Nc8 45. Ra2 Nb6 46. Rc1 Rf5 47. Kg2 Re5 48. Kf2 Re8 49. Re2 Rh8 50. Kg2 Ra8 51. Rce1 Ra4 52. Re7+ Kc8 53. c5 dxc5 54. R7e5 Nc4 55. Rxg5 Ne3+ 56. Kh1 c4 57. h4 1/2-1/2

[Event "Liberec Metalmex op"]
[Site "Liberec"]
[Date "2011.08.20"]
[Round "8"]
[White "Bradac, Adam"]
[Black "Jina, Lubos"]
[Result "1-0"]
[WhiteElo "1787"]
[BlackElo "1868"]
[PlyCount "67"]
[EventDate "2011.08.13"]
[EventType "swiss"]
[EventRounds "9"]
[EventCountry "CZE"]
[SourceTitle "CBM 143 Extra"]
[Source "ChessBase"]
[SourceDate "2011.08.29"]
[SourceVersion "1"]
[SourceVersionDate "2011.08.29"]
[SourceQuality "1"]

1. e4 c5 2. Nf3 Nc6 3. d4 cxd4 4. Nxd4 e6 5. Be3 Nf6 6. f3 Be7 7. Be2 d6 8. 0-0 0-0 9. Nc3 a6 10. f4 Qc7 11. Nb3 b5 12. g4 Bb7 13. g5 Nd7 14. f5 Nce5 15. Bd3 Nxd3 16. cxd3 exf5 17. exf5 Rfe8 18. Rc1 Qd8 19. Qh5 g6 20. fxg6 fxg6 21. Qh4 Bf8 22. Rf7 Bg7 23. Qf2 Ne5 24. Rxb7 Rf8 25. Qg2 Nf3+ 26. Kh1 Qe8 27. Bf2 Qc8 28. Re7 Qd8 29. Nd5 Rf5 30. Rcc7 Be5 31. Red7 Qxg5 32. Ne7+ Kf8 33. Nxf5 gxf5 34. Qxf3 1-0

[Event "Liberec Metalmex op"]
[Site "Liberec"]
[Date "2011.08.18"]
[Round "6"]
[White "Bradac, Adam"]
[Black "Hejduk, Miroslav"]
[Result "1/2-1/2"]
[WhiteElo "1787"]
[BlackElo "1601"]
[PlyCount "47"]
[EventDate "2011.08.13"]
[EventType "swiss"]
[EventRounds "9"]
[EventCountry "CZE"]
[SourceTitle "CBM 143 Extra"]
[Source "ChessBase"]
[SourceDate "2011.08.29"]
[SourceVersion "1"]
[SourceVersionDate "2011.08.29"]
[SourceQuality "1"]

1. e4 c5 2. Nf3 e6 3. d4 cxd4 4. Nxd4 a6 5. Be3 Nf6 6. f3 Nc6 7. Be2 d5 8. exd5 Nxd4 9. Bxd4 Qxd5 10. Nc3 Qd8 11. Qd2 Be7 12. g4 0-0 13. h4 b5 14. 0-0 Bb7 15. Rad1 Nd5 16. g5 Bd6 17. Nxd5 Bxd5 18. h5 Rc8 19. Bc3 Bc5+ 20. Bd4 Bxa2 21. Qe3 Bxd4 22. Rxd4 Qc7 23. Bd3 Bc4 24. Bxc4 1/2-1/2

[Event "Liberec Metalmex op"]
[Site "Liberec"]
[Date "2011.08.14"]
[Round "2"]
[White "Bradac, Adam"]
[Black "Peniska, Pavel"]
[Result "1/2-1/2"]
[WhiteElo "1787"]
[BlackElo "1946"]
[PlyCount "97"]
[EventDate "2011.08.13"]
[EventType "swiss"]
[EventRounds "9"]
[EventCountry "CZE"]
[SourceTitle "CBM 143 Extra"]
[Source "ChessBase"]
[SourceDate "2011.08.29"]
[SourceVersion "1"]
[SourceVersionDate "2011.08.29"]
[SourceQuality "1"]

1. c4 e5 2. Nc3 Nf6 3. g3 d5 4. cxd5 Nxd5 5. Bg2 Be6 6. Nf3 Nc6 7. d3 Be7 8. 0-0 0-0 9. a3 h6 10. Nxd5 Bxd5 11. e4 Be6 12. Be3 Bf6 13. Rc1 Qd7 14. Qc2 Rfd8 15. Ne1 Rac8 16. Qc3 Nd4 17. Bxd4 Qxd4 18. Qxd4 Rxd4 19. Rc3 c6 20. f4 exf4 21. gxf4 Rcd8 22. e5 Be7 23. f5 Bd5 24. f6 gxf6 25. exf6 Bd6 26. Bxd5 Rxd5 27. Rc2 Rg5+ 28. Kh1 Kh7 29. Nf3 Rg4 30. d4 Re8 31. Rg2 Rxg2 32. Kxg2 Re2+ 33. Rf2 Rxf2+ 34. Kxf2 Kg6 35. h3 Kxf6 36. Ne1 c5 37. dxc5 Bxc5+ 38. Kf3 Bd4 39. Nd3 Kf5 40. b3 b6 41. a4 a6 42. Nb4 a5 43. Nd3 h5 44. Nf4 h4 45. Ng2 Bf6 46. Ne3+ Ke6 47. Ke4 Be7 48. Nf5 Bf6 49. Ne3 1/2-1/2